Forschendes lernen in der lehrerbildung : auf dem weg zu einer professionellen unterrichts- und schulentwicklung
Αποθηκεύτηκε σε:
| Άλλοι συγγραφείς: | |
|---|---|
| Μορφή: | Βιβλίο |
| Γλώσσα: | German |
| Δημοσίευση: |
Bad Heilbrunn/Obb. :
Klinkhardt,
2002
|
| Θέματα: | |
| Ετικέτες: |
Προσθήκη ετικέτας
Δεν υπάρχουν, Καταχωρήστε ετικέτα πρώτοι!
|
MARC
| LEADER | 00000nam a2200000 i 4500 | ||
|---|---|---|---|
| 001 | 1/59217 | ||
| 008 | 071018s2002 ger d | ||
| 020 | |a 3-7815-1203-7 | ||
| 035 | |l 10091621 | ||
| 040 | |a GR-MY-UA |b gre |e aacr | ||
| 041 | 0 | |a ger | |
| 082 | 0 | |a 370.71 |2 (22) | |
| 245 | 1 | 0 | |a Forschendes lernen in der lehrerbildung : |b auf dem weg zu einer professionellen unterrichts- und schulentwicklung / |c herausgegeben von Una Dirks und Wilfried Hansmann |
| 260 | |a Bad Heilbrunn/Obb. : |b Klinkhardt, |c 2002 | ||
| 300 | |a 189 σ.; |c 21 εκ. | ||
| 504 | |a Περιλαμβάνει βιβλιογραφίες | ||
| 650 | 0 | 0 | |a Education. |
| 650 | 0 | 0 | |a Education |x Research. |
| 650 | 0 | 0 | |a Effective teaching. |
| 650 | 0 | 0 | |a Teachers |x Training of. |
| 650 | 0 | 0 | |a Professional education. |
| 650 | 0 | 0 | |a Study and teaching. |
| 700 | 1 | |a Dirks, Una. |4 edt | |
| 852 | |a INST |b RHODES |e 20071018 |h 370.71 FOR |p 005400025455 |q 005400025455 |t BK |y 0 | ||
| 901 | |a BIBL4-2007-3 | ||
| 909 | |a Ρ |b 139524 | ||
| 922 | |a 4ΕΛΗ |b 200709 |c ΕΠΕΑΕΚ2/ΠΤΔΕ |d ΠΑΠΑΣΩΤΗΡΙΟΥ | ||
| 970 | |a ΧΑΡΙΟΠΟΛΙΤΟΥ |b ΚΩΝΣΤΑΝΤΙΝΑ |z 2007/10/18 | ||